Welcome to CU Library Online Public Access Catalogue (OPAC)

Sustainable natural resource management for scientists and engineers / (Record no. 3572)

MARC details
000 -LEADER
fixed length control field 00712cam a2200205 a 4500
001 - CONTROL NUMBER
control field 15561371
005 - DATE AND TIME OF LATEST TRANSACTION
control field 20250207173756.0
008 - FIXED-LENGTH DATA ELEMENTS--GENERAL INFORMATION
fixed length control field 081218s2009 enka b 001 0 eng
020 ## - INTERNATIONAL STANDARD BOOK NUMBER
International Standard Book Number 9780521899727 (hbk.)
020 ## - INTERNATIONAL STANDARD BOOK NUMBER
International Standard Book Number 0521899729 (hbk.)
050 00 - LIBRARY OF CONGRESS CALL NUMBER
Classification number HC85
Item number .L96 2009
082 00 - DEWEY DECIMAL CLASSIFICATION NUMBER
Classification number 333.7
Edition information 22
100 1# - MAIN ENTRY--PERSONAL NAME
Personal name Lynch, Daniel R.
245 10 - TITLE STATEMENT
Title Sustainable natural resource management for scientists and engineers /
Statement of responsibility, etc. Daniel R. Lynch.
260 ## - PUBLICATION, DISTRIBUTION, ETC.
Place of publication, distribution, etc. Cambridge ;
-- New York :
Name of publisher, distributor, etc. Cambridge University Press,
Date of publication, distribution, etc. 2009.
300 ## - PHYSICAL DESCRIPTION
Extent xvii, 230 p. :
Other physical details ill. ;
Dimensions 26 cm.
650 #0 - SUBJECT ADDED ENTRY--TOPICAL TERM
Topical term or geographic name entry element Natural resources
General subdivision Management
-- Mathematical models.
650 #0 - SUBJECT ADDED ENTRY--TOPICAL TERM
Topical term or geographic name entry element Natural resources
General subdivision Environmental aspects
-- Management.
942 ## - ADDED ENTRY ELEMENTS (KOHA)
Source of classification or shelving scheme Library of Congress Classification
Koha item type Books
Suppress in OPAC No
999 ## -
-- 3572
-- 3572
Holdings
Withdrawn status Lost status Source of classification or shelving scheme Damaged status Not for loan Collection Home library Current library Shelving location Date acquired Total checkouts Full call number Barcode Date last seen Copy number Price effective from Koha item type
    Library of Congress Classification     Non-fiction Business Library (Miotso) Business Library (Miotso) General stacks 02/07/2025   HC85 .L96 2009 BSSM00000738 02/07/2025 1 02/07/2025 Books
    Library of Congress Classification     Non-fiction Business Library (Miotso) Business Library (Miotso) General stacks 02/07/2025   HC85 .L96 2009 BSSM00000739 02/07/2025 2 02/07/2025 Books
    Library of Congress Classification     Non-fiction Business Library (Miotso) Business Library (Miotso) General stacks 02/07/2025   HC85 .L96 2009 BSSM00000740 02/07/2025 3 02/07/2025 Books
    Library of Congress Classification     Non-fiction Undergraduate Library (Christ Temple) Undergraduate Library (Christ Temple) General stacks 05/23/2025   HC85.L96 LYN ulct00002636 05/23/2025 1 05/23/2025 Books
    Library of Congress Classification     Non-fiction Undergraduate Library (Christ Temple) Undergraduate Library (Christ Temple) General stacks 05/23/2025   HC85.L96 LYN ulct00002637 05/23/2025 2 05/23/2025 Books
© 2023-2024 Copyright: Central University Libraries. All Rights Reserved | Created by: Mahone Tech Office